Countries that use the Dollar - Statistics

General Stats
  • This quiz has been taken 39 times
  • The average score is 25 of 43
Answer Stats
Answer % Correct
United States
100%
Australia
97%
New Zealand
97%
Canada
94%
Dominica
89%
Antigua and Barbuda
86%
St Kitts and Nevis
86%
St Lucia
86%
Bahamas
83%
Barbados
83%
St Vincent and the Grenadines
80%
Grenada
77%
Jamaica
77%
Trinidad and Tobago
74%
Fiji
71%
Nauru
69%
Tuvalu
69%
Marshall Islands
66%
Kiribati
63%
Palau
63%
Solomon Islands
60%
Singapore
57%
Belize
54%
Micronesia
54%
Cook Islands
51%
Suriname
51%
Bermuda
46%
Guyana
43%
Timor-Leste
43%
Niue
40%
Taiwan
40%
Zimbabwe
40%
Brunei
37%
British Virgin Islands
34%
Montserrat
34%
Cayman Islands
31%
El Salvador
31%
Liberia
29%
Ecuador
26%
Hong Kong
23%
Anguilla
20%
Turks & Caicos Islands
20%
Namibia
17%
No matching quizzes found
Score Distribution
Percent of People with Each Score
Percentile by Number Answered
Your Score History
You have not taken this quiz